नवे संसार (Record no. 409701)

MARC details
000 -LEADER
fixed length control field 00434nam a2200145Ia 4500
008 - FIXED-LENGTH DATA ELEMENTS--GENERAL INFORMATION
fixed length control field 100122s9999 xx 000 0 und d
082 ## - DEWEY DECIMAL CLASSIFICATION NUMBER
Item number 21746
Classification number 823
100 ## - MAIN ENTRY--PERSONAL NAME
Personal name माडखोलकर ग त्र्यं
245 ## - TITLE STATEMENT
Title नवे संसार
260 ## - PUBLICATION, DISTRIBUTION, ETC. (IMPRINT)
Name of publisher, distributor, etc मंदाकिनी टेकाडे
Date of publication, distribution, etc 1971
300 ## - PHYSICAL DESCRIPTION
Extent 340
630 ## - SUBJECT ADDED ENTRY--UNIFORM TITLE
Uniform title नवे संसार
730 ## - ADDED ENTRY--UNIFORM TITLE
Uniform title नवे संसार
942 ## - ADDED ENTRY ELEMENTS (KOHA)
Koha item type Book
Holdings
Withdrawn status Lost status Damaged status Not for loan Home library Current library Date acquired Cost, normal purchase price Total Checkouts Full call number Barcode Date last seen Cost, replacement price Price effective from Koha item type Public note
        S.V. Pathak Library, Vile Parle S.V. Pathak Library, Vile Parle 09/08/1975 13.00   21746 SVPPARLE-21746 01/25/2010 13.00 01/25/2010 Book 7)रद्द General Cancelled